Deutsche Athleten nach Sportart 2 - Statistiken

Allgemein
  • Dieses Quiz wurde 335 mal gespielt
  • Das Durchschnittsergebnis liegt bei 9 aus 20
Antwortstatistiken
Athlet Sport % Korrekt
Claudia Pechstein Eisschnelllauf
81%
Robert Harting Diskuswurf
80%
Matthias Steiner Gewichtheben
78%
Jan Frodeno Triathlon
71%
Eric Frenzel Nordische Kombination
70%
Niklas Kaul Zehnkampf
69%
Axel Schulz Boxen
67%
Isabell Werth Reitsport
67%
Heike Drechsler Weitsprung
53%
Massimo Sinató Tanzsport
47%
Sandra Kiriasis Bobsport
40%
Anja Fichtel Fechten
28%
Sebastian Jacoby Curling
24%
Walter Röhrl Rallye
24%
Willi Kuhweide Segeln
13%
Frank Wieneke Judo
12%
Kathrin Boron Rudern
11%
Emanuel Lasker Schach
10%
Ingrid Krämer-Gulbin Wasserspringen
5%
Markus Ebner Snowboard
3%
Keine übereinstimmenden Quizze gefunden
Verteilung der Resultate
Anzahl Personen mit jedem Resultat
Perzentil nach korrekt beantworteten Fragen
Ihre Resultats-Entwicklung
Sie haben dieses Quiz noch nicht gespielt